000 00934nas a2200289 4500
001 BR7602084
003 BR-BrBNA
005 20231205082950.0
007 ta
008 230509b bl.|||p| |||| 00| 00por d
040 _aBR-BrBNA
_bpor
_cBiblioteca Nacional de Agricultura
041 _a(Pt)
072 _aS10
100 1 _aGutierrez, L.E.
100 1 _aMinami, K.
100 1 _aKatayama, H.
100 1 _aSilva, I.R. da
100 1 _aCesar Junior, W.P.
245 1 _aEfeito da densidade de populacao sobre os teores de carboidratos soluveis e acido ascorbico de repolho (Brassica oleracea var. capitata)
650 _aComposicao de alimento
650 _aRepolho
650 _aCarboidrato
650 _aVitamina C
773 0 _tAnais da Escola Superior de Agricultura Luiz de Queiroz (Brazil)
_xISSN 0071-1276
_g(1976), v. 33 p. 243-250
_wBR7602084
909 _a202311
_bLúcia
_c55
_dLúcia Elande
942 _2AGRIS
_n0
_cANA
999 _c95424
_d95424